Enfermedades de los peces / (Record no. 126023)

MARC details
000 -LEADER
campo de control de longitud fija 00661nam a2200181 4500
001 - NÚMERO DE CONTROL
campo de control 126023
003 - IDENTIFICADOR DE NÚMERO DE CONTROL
campo de control ES-MaACL
005 - FECHA Y HORA DE LA ÚLTIMA TRANSACCIÓN
campo de control 20230906192735.0
007 - CAMPO FIJO DE DESCRIPCIÓN FÍSICA--INFORMACIÓN GENERAL
campo de control de longitud fija t|
008 - DATOS DE LONGITUD FIJA--INFORMACIÓN GENERAL
campo de control de longitud fija 070214s1982 sp r ||||1| spa d
100 1# - ENTRADA PRINCIPAL--NOMBRE DE PERSONA
Nombre de persona Reichenbach-Klinke, Heinz-Hermann.
9 (RLIN) 95962
245 10 - MENCIÓN DEL TÍTULO
Título Enfermedades de los peces /
Mención de responsabilidad, etc. Heinz-Hermann Reichenbach-Klinke ; con la colaboración de W. Ahne... [et al.] ; traducido de la 2ª ed. alemana por Jaime Esain Escobar.
260 ## - PUBLICACIÓN, DISTRIBUCIÓN, ETC.
Lugar de publicación, distribución, etc. Zaragoza :
Nombre del editor, distribuidor, etc. Acribia,
Fecha de publicación, distribución, etc. 1982.
300 ## - DESCRIPCIÓN FÍSICA
Extensión XIV, 507 p., 14 lám. :
Otras características físicas il. ;
Dimensiones 24 cm.
700 0# - ENTRADA AGREGADA--NOMBRE PERSONAL
Nombre de persona Esaín Escobar, Jaime.
9 (RLIN) 47449
700 1# - ENTRADA AGREGADA--NOMBRE PERSONAL
Nombre de persona Ahne, W.
9 (RLIN) 18947
852 ## - LOCALIZACIÓN
Ubicación ES-MaACL
Número de control de estantería L-4080
Sublocalización o colección R.104961
Holdings
Estatus retirado Estado de pérdida Estado de daño No para préstamo Biblioteca de origen Biblioteca actual Ubicación en estantería Fecha de adquisición Fuente de adquisición Total de préstamos Signatura topográfica completa Código de barras Visto por última vez Precio de reemplazo Tipo de ítem Koha
        Biblioteca del Ateneo de Madrid Biblioteca del Ateneo de Madrid Depósito 2 17/01/2008     L-4080 1131270 23/02/2023 23/02/2023 Libro impreso